000 00307nam a22001337a 4500
008 170621b xxu||||| |||| 00| 0 eng d
020 _a2900813342299
041 _aeng
080 _23RD
_a32
100 _a20
101 _aSHP
245 _aRELIGION AND POLITICS IN AMERICA
_cFOWLER,R.B
942 _2udc
_cBK
999 _c18377
_d18377